[Event "MetroWest CC op Jan"]
[Site "Natick"]
[Date "1999.01.26"]
[Round "4"]
[White "Curdo, John"]
[Black "Sicard, Francois"]
[Result "1-0"]
[WhiteElo "2068"]
[BlackElo "2412"]
[PlyCount "99"]
[EventDate "1999.01.??"]
[EventType "swiss"]
[EventRounds "4"]
[EventCountry "USA"]
[SourceTitle "EXT 2004"]
[Source "ChessBase"]
[SourceDate "2003.11.25"]
[SourceVersion "1"]
[SourceVersionDate "2003.11.25"]
[SourceQuality "1"]

1. e4 c6 2. d4 d5 3. e5 Bf5 4. Nf3 e6 5. Be2 c5 6. Be3 Qb6 7. b3 Nc6 8. c3 cxd4 9. Nxd4 Nxd4 10. Bxd4 Bc5 11. 0-0 Ne7 12. a4 Bxd4 13. cxd4 Nc6 14. Bb5 0-0 15. Bxc6 bxc6 16. a5 Qb4 17. Ra4 Qb5 18. Nc3 Qd3 19. Qxd3 Bxd3 20. Rc1 Rab8 21. b4 Rb7 22. Nd1 Rfb8 23. Nb2 Ba6 24. f3 Kf8 25. Ra3 Rxb4 26. Rxc6 Bb5 27. Rc2 Rxd4 28. Rb3 a6 29. Kf2 f6 30. exf6 gxf6 31. Ke3 e5 32. Rc7 Rh4 33. h3 Rd8 34. Nd3 Rd7 35. Rxd7 Bxd7 36. Rb7 Bb5 37. Nc5 Rc4 38. Ne6+ Kg8 39. Rg7+ Kh8 40. Rf7 h6 41. Rxf6 d4+ 42. Ke4 Rc8 43. Kxe5 d3 44. Rxh6+ Kg8 45. Rg6+ Kh7 46. Rg4 Rc4 47. Ng5+ Kg7 48. Rxc4 Bxc4 49. Ne4 d2 50. Nxd2 1-0